00545nam a2200169 a 45000010010000000030011000100080041000210200015000620350026000771000022001032450109001252600047002343000017002815000021002986500024003198560032003430001-0965ELIB.Books140916 2010 eng  a1928832598 a(ELIB.Books)0001-1119 aMadrid, Pactrick. aSurprised by Truth 3b10 more converts explain the Biblical and Historical reasons for Becoming Catholic aKBTS; InseinbSophia Institute Pressc2002 a253c20.5 Cm aDr. Yahalaylayla aCatholic' / coverts nKBTS; LibraryuKBTS; Insein